<?xml version="1.0" encoding="UTF-8"?>
<record
    xmlns:xsi="http://www.w3.org/2001/XMLSchema-instance"
    xsi:schemaLocation="http://www.loc.gov/MARC21/slim http://www.loc.gov/standards/marcxml/schema/MARC21slim.xsd"
    xmlns="http://www.loc.gov/MARC21/slim">

  <leader>02082nam2a2200313   4500</leader>
  <controlfield tag="001">RU\NLR\bibl\53215</controlfield>
  <controlfield tag="005">20250616084751.0</controlfield>
  <datafield tag="010" ind1=" " ind2=" ">
    <subfield code="a">5-691-00291-0</subfield>
  </datafield>
  <datafield tag="021" ind1=" " ind2=" ">
    <subfield code="a">RU</subfield>
    <subfield code="b">99-28629</subfield>
    <subfield code="9">1392</subfield>
  </datafield>
  <datafield tag="035" ind1=" " ind2=" ">
    <subfield code="a">(NLR Aleph) 000051919</subfield>
  </datafield>
  <datafield tag="090" ind1=" " ind2=" ">
    <subfield code="a">278592</subfield>
    <subfield code="c">278592</subfield>
  </datafield>
  <datafield tag="100" ind1=" " ind2=" ">
    <subfield code="a">19991015d1999    |||y0rusy50      ca</subfield>
  </datafield>
  <datafield tag="101" ind1="0" ind2=" ">
    <subfield code="a">rus</subfield>
  </datafield>
  <datafield tag="102" ind1=" " ind2=" ">
    <subfield code="a">RU</subfield>
  </datafield>
  <datafield tag="105" ind1=" " ind2=" ">
    <subfield code="a">a   |||||||||</subfield>
  </datafield>
  <datafield tag="200" ind1="1" ind2=" ">
    <subfield code="a">&#x412;&#x430;&#x43B;&#x435;&#x440;&#x438;&#x439; &#x411;&#x440;&#x44E;&#x441;&#x43E;&#x432;. &#x41D;&#x438;&#x43A;&#x43E;&#x43B;&#x430;&#x439; &#x413;&#x443;&#x43C;&#x438;&#x43B;&#x435;&#x432;. &#x41E;&#x441;&#x438;&#x43F; &#x41C;&#x430;&#x43D;&#x434;&#x435;&#x43B;&#x44C;&#x448;&#x442;&#x430;&#x43C;. &#x412;&#x430;&#x441;&#x438;&#x43B;&#x438;&#x439; &#x420;&#x43E;&#x437;&#x430;&#x43D;&#x43E;&#x432;. &#x418;&#x433;&#x43E;&#x440;&#x44C; &#x421;&#x435;&#x432;&#x435;&#x440;&#x44F;&#x43D;&#x438;&#x43D;</subfield>
  </datafield>
  <datafield tag="215" ind1=" " ind2=" ">
    <subfield code="a">216 &#x441;.</subfield>
    <subfield code="c">&#x441;&#x445;&#x435;&#x43C;.</subfield>
  </datafield>
  <datafield tag="320" ind1=" " ind2=" ">
    <subfield code="a">&#x411;&#x438;&#x431;&#x43B;&#x438;&#x43E;&#x433;&#x440;. &#x432; &#x43A;&#x43E;&#x43D;&#x446;&#x435; &#x442;&#x435;&#x43C; &#x438; &#x432; &#x43F;&#x43E;&#x434;&#x441;&#x442;&#x440;&#x43E;&#x447;. &#x43F;&#x440;&#x438;&#x43C;.</subfield>
  </datafield>
  <datafield tag="461" ind1=" " ind2="0">
    <subfield code="1">001RU\NLR\bibl\55173</subfield>
    <subfield code="1">2001#$a&#x41A;&#x43E;&#x43D;&#x441;&#x43F;&#x435;&#x43A;&#x442;&#x44B; &#x443;&#x440;&#x43E;&#x43A;&#x43E;&#x432; &#x434;&#x43B;&#x44F; &#x443;&#x447;&#x438;&#x442;&#x435;&#x43B;&#x44F; &#x43B;&#x438;&#x442;&#x435;&#x440;&#x430;&#x442;&#x443;&#x440;&#x44B;$v&#x427;. 1</subfield>
    <subfield code="9">289655</subfield>
    <subfield code="c">&#x41C;.</subfield>
    <subfield code="d">1999</subfield>
    <subfield code="f">[&#x413;&#x443;&#x43C;&#x430;&#x43D;&#x438;&#x442;. &#x438;&#x437;&#x434;. &#x446;&#x435;&#x43D;&#x442;&#x440; &#x412;&#x41B;&#x410;&#x414;&#x41E;&#x421;</subfield>
    <subfield code="n">&#x412;&#x41B;&#x410;&#x414;&#x41E;&#x421;</subfield>
    <subfield code="o">11 &#x43A;&#x43B;. : &#x421;&#x435;&#x440;&#x435;&#x431;&#x440;&#x44F;&#x43D;. &#x432;&#x435;&#x43A; &#x440;&#x443;&#x441;. &#x43F;&#x43E;&#x44D;&#x437;&#x438;&#x438; : &#x41C;&#x435;&#x442;&#x43E;&#x434;. &#x43F;&#x43E;&#x441;&#x43E;&#x431;&#x438;&#x435; &#x434;&#x43B;&#x44F; &#x443;&#x447;&#x438;&#x442;&#x435;&#x43B;&#x44F; &#x441;&#x43B;&#x43E;&#x432;&#x435;&#x441;&#x43D;&#x43E;&#x441;&#x442;&#x438; &#x43E;&#x431;&#x449;&#x435;&#x43E;&#x431;&#x440;&#x430;&#x437;&#x43E;&#x432;&#x430;&#x442;. &#x448;&#x43A;. : [&#x412; 2 &#x447;.]</subfield>
    <subfield code="t">&#x41A;&#x43E;&#x43D;&#x441;&#x43F;&#x435;&#x43A;&#x442;&#x44B; &#x443;&#x440;&#x43E;&#x43A;&#x43E;&#x432; &#x434;&#x43B;&#x44F; &#x443;&#x447;&#x438;&#x442;&#x435;&#x43B;&#x44F; &#x43B;&#x438;&#x442;&#x435;&#x440;&#x430;&#x442;&#x443;&#x440;&#x44B;</subfield>
    <subfield code="v">&#x427;. 1</subfield>
  </datafield>
  <datafield tag="464" ind1=" " ind2="0">
    <subfield code="1">700#1$a&#x411;&#x440;&#x44E;&#x441;&#x43E;&#x432;$b&#x412;. &#x42F;.$f1873-1924$g&#x412;&#x430;&#x43B;&#x435;&#x440;&#x438;&#x439; &#x42F;&#x43A;&#x43E;&#x432;&#x43B;&#x435;&#x432;&#x438;&#x447;$4070$3RU\NLR\auth\773661</subfield>
    <subfield code="a">&#x411;&#x440;&#x44E;&#x441;&#x43E;&#x432;, &#x412;&#x430;&#x43B;&#x435;&#x440;&#x438;&#x439; &#x42F;&#x43A;&#x43E;&#x432;&#x43B;&#x435;&#x432;&#x438;&#x447; (1873-1924)</subfield>
  </datafield>
  <datafield tag="464" ind1=" " ind2="0">
    <subfield code="1">700#1$a&#x413;&#x443;&#x43C;&#x438;&#x43B;&#x435;&#x432;$b&#x41D;. &#x421;.$f1886-1921$g&#x41D;&#x438;&#x43A;&#x43E;&#x43B;&#x430;&#x439; &#x421;&#x442;&#x435;&#x43F;&#x430;&#x43D;&#x43E;&#x432;&#x438;&#x447;$4070$3RU\NLR\auth\773664</subfield>
    <subfield code="a">&#x413;&#x443;&#x43C;&#x438;&#x43B;&#x435;&#x432;, &#x41D;&#x438;&#x43A;&#x43E;&#x43B;&#x430;&#x439; &#x421;&#x442;&#x435;&#x43F;&#x430;&#x43D;&#x43E;&#x432;&#x438;&#x447; (1886-1921)</subfield>
  </datafield>
  <datafield tag="464" ind1=" " ind2="0">
    <subfield code="1">700#1$a&#x41C;&#x430;&#x43D;&#x434;&#x435;&#x43B;&#x44C;&#x448;&#x442;&#x430;&#x43C;$b&#x41E;. &#x42D;.$f1891 - 1938$g&#x41E;&#x441;&#x438;&#x43F; &#x42D;&#x43C;&#x438;&#x43B;&#x44C;&#x435;&#x432;&#x438;&#x447;$4070$3RU\NLR\auth\77504</subfield>
    <subfield code="a">&#x41C;&#x430;&#x43D;&#x434;&#x435;&#x43B;&#x44C;&#x448;&#x442;&#x430;&#x43C;, &#x41E;&#x441;&#x438;&#x43F; &#x42D;&#x43C;&#x438;&#x43B;&#x44C;&#x435;&#x432;&#x438;&#x447; (1891 - 1938)</subfield>
  </datafield>
  <datafield tag="464" ind1=" " ind2="0">
    <subfield code="1">700#1$a&#x420;&#x43E;&#x437;&#x430;&#x43D;&#x43E;&#x432;$b&#x412;. &#x42F;.$g&#x412;&#x430;&#x441;&#x438;&#x43B;&#x438;&#x439; &#x42F;&#x43A;&#x43E;&#x432;&#x43B;&#x435;&#x432;&#x438;&#x447;$4070$3RU\NLR\auth\776806</subfield>
    <subfield code="a">&#x420;&#x43E;&#x437;&#x430;&#x43D;&#x43E;&#x432;, &#x412;&#x430;&#x441;&#x438;&#x43B;&#x438;&#x439; &#x42F;&#x43A;&#x43E;&#x432;&#x43B;&#x435;&#x432;&#x438;&#x447;</subfield>
  </datafield>
  <datafield tag="464" ind1=" " ind2="0">
    <subfield code="1">700#1$a&#x421;&#x435;&#x432;&#x435;&#x440;&#x44F;&#x43D;&#x438;&#x43D;$b&#x418;.$f1887-1941$g&#x418;&#x433;&#x43E;&#x440;&#x44C;$4070</subfield>
    <subfield code="a">&#x421;&#x435;&#x432;&#x435;&#x440;&#x44F;&#x43D;&#x438;&#x43D;, &#x418;&#x433;&#x43E;&#x440;&#x44C; (1887-1941)</subfield>
  </datafield>
  <datafield tag="801" ind1=" " ind2="0">
    <subfield code="a">RU</subfield>
    <subfield code="b">NLR</subfield>
    <subfield code="c">19991015</subfield>
    <subfield code="g">PSBO</subfield>
  </datafield>
  <datafield tag="801" ind1=" " ind2="1">
    <subfield code="a">RU</subfield>
    <subfield code="b">NLR</subfield>
    <subfield code="c">19991015</subfield>
  </datafield>
  <datafield tag="852" ind1=" " ind2=" ">
    <subfield code="a">NLR</subfield>
    <subfield code="j">99-5/3116</subfield>
  </datafield>
  <datafield tag="942" ind1=" " ind2=" ">
    <subfield code="c">BOOK</subfield>
  </datafield>
  <datafield tag="980" ind1=" " ind2=" ">
    <subfield code="a">NB</subfield>
  </datafield>
  <datafield tag="995" ind1=" " ind2=" ">
    <subfield code="5">2004-10-18</subfield>
    <subfield code="a">az</subfield>
    <subfield code="b">NLR02</subfield>
    <subfield code="c">NLR02</subfield>
    <subfield code="e">NZ2</subfield>
    <subfield code="f">1-194494</subfield>
    <subfield code="k">&#x41B;2 &#x427;426.21/&#x41A;-650</subfield>
    <subfield code="o">0</subfield>
    <subfield code="r">BOOK</subfield>
    <subfield code="s">2_42621650</subfield>
  </datafield>
</record>
